000 00842nam a2200265Ia 4500
003 OSt
005 20220918171413.0
006 a|||||r|||| 00| 0
007 ta
008 220917b |||||||| |||| 00| 0 eng d
020 _a9781780328942 (pbk)
_c2058.57
024 _a281,218
037 _b7149, 07/03/2014, Efficient Book Distributors
_cTextual
040 _aARTS
_cARTS
_beng
041 _2eng
_aeng
082 _aX:322,1TH, Q4
100 _aKaag Mayke Ed.
_936404
245 0 _aGloabl land grab
_b Beyond the hype
260 _aNew York
_bZed Books USA
_c2014
300 _aviii,264p.
_ccm.
650 _aECONOMICS
700 _a Zoomers Annelies Ed.
_936405
942 _hX:322,1TH, Q4
_cTEXL
_2CC
999 _c139445
_d139445